Michal přes noc

Hlavní autor: Typlt, Jaromír, 1973-
Další autoři: Finger, Martin, 1970-
Jazyk: Čeština
Vydáno: [Praha] : Tympanum, 2012
Témata:
Fyzický popis: 1 zvuková deska (44 min.) : digital
Zvukové nahrávky
Uloženo v:
LEADER 01254nim a2200361 a 4500
001 001235540
003 CZ BrMZK
005 20120816132130.0
007 sd^
008 120730s2012 xr cze
024 3 |a 8594072271014 
040 |a BOA001  |b cze 
072 7 |a 821.162.3-3  |x Česká próza  |2 Konspekt  |9 25 
080 |a 821.162.3-32  |2 MRF 
080 |a (0:82-32)  |2 MRF 
080 |a (086.7)08  |2 MRF 
080 |a (086.76)  |2 MRF 
100 1 |a Typlt, Jaromír,  |d 1973-  |7 jn99240001210  |4 aut  |4 stl 
245 1 0 |a Michal přes noc  |h [zvukový záznam] /  |c Jaromír Typlt 
260 |a [Praha] :  |b Tympanum,  |c 2012 
300 |a 1 zvuková deska (44 min.) :  |b digital 
500 |a Kompaktní deska 
508 |a Režie Dmitrij Dudík 
511 0 |a Čte Martin Finger a Jaromír Typl 
518 |a Nahrálo vydavatelství Tympanum v únoru 2012 ve studiu ADK-Prague 
655 7 |a české příběhy  |7 fd133973  |2 czenas 
655 7 |a audioknihy  |7 fd119452  |2 czenas 
655 7 |a kompaktní desky  |7 fd201991  |2 czenas 
700 1 |a Finger, Martin,  |d 1970-  |7 mzk2012714812  |4 stl 
910 2 |a BOA001  |b CDR-1289.911 
990 |a AV 
991 |b 201208  |e b 
996 6 |b 2610518646  |c CDR-1289.911  |l MZK  |r Sklad / do 24 hodin  |n 2  |p p.v.  |w 001269938  |u 000010  |a 1  |e BOA001  |j MZK50  |s P